Bibliografía de san martín /
Guardado en:
| Formato: | Libro |
|---|---|
| Publicado: |
Buenos Aires :
,
1950
|
| Etiquetas: |
Agregar Etiqueta
Sin Etiquetas, Sea el primero en etiquetar este registro!
|
| LEADER | 00437nam a22001455a 4500 | ||
|---|---|---|---|
| 001 | CEM.cems000565 | ||
| 005 | 20060210000000.0 | ||
| 008 | 130507s1950##################000#0#####d | ||
| 003 | CEMS | ||
| 082 | 0 | 4 | |a 012.923 |
| 245 | 0 | 0 | |a Bibliografía de san martín / |
| 260 | |a Buenos Aires : |b , |c 1950 | ||
| 300 | |a 85 p. | ||
| 859 | |a CEMS |b BIB. CEMS - 11 de abril |h 012.923 |i Ar37 |p 9739.81 |t Ej.1 | ||
| 859 | |a CEMS |b BIB. CEMS - 11 de abril |h 012.923 |i Ar37 |p 9803.81 |t Ej.2 | ||
